LIBRARY & INFORMATION CENTRE, KCAET, TAVANUR

ONLINE PUBLIC ACCESS CATALOGUE (OPAC)

Chemistry for engineers / (Record no. 6781)

MARC details
000 -LEADER
fixed length control field 00449cam a2200181ua 4500
041 ## - LANGUAGE CODE
Language code of text/sound track or separate title eng
082 ## - DEWEY DECIMAL CLASSIFICATION NUMBER
Classification number 540.0162
Item number JAI/CH
100 ## - MAIN ENTRY--AUTHOR NAME
Personal name Jain, S K .
245 ## - TITLE STATEMENT
Title Chemistry for engineers /
250 ## - EDITION STATEMENT
Edition statement 1 /
260 ## - PUBLICATION, DISTRIBUTION, ETC. (IMPRINT)
Place of publication New Delhi :
Name of publisher Vani Educational Books ,
Year of publication 1985.
300 ## - PHYSICAL DESCRIPTION
Number of Pages 602 ; .
700 1# - ADDED ENTRY--PERSONAL NAME
Personal name Saraswat, B S .
700 1# - ADDED ENTRY--PERSONAL NAME
Personal name Thakur, R S .
942 ## - ADDED ENTRY ELEMENTS (KOHA)
Koha item type Books
Holdings
Withdrawn status Lost status Damaged status Home library Current library Date acquired Full call number Accession Number Koha item type
      KAUAET KAUAET 01/09/1986 540.0162 JAI/CH 15551 Books
free website counter